Taller vertical. 01, Proyectos I Bienal Iberoamericana de Arquitectura Académica ARQA /

Bibliographic Details
Other Authors: Culcay, Rubén (contributor agent of text.)
Format: Electronic eBook
Language:Spanish
Published: Cuenca, Ecuador : Universidad del Azuay, Casa Editora, [2018]
Subjects:
Online Access:Digitalia Hispánica

MARC

LEADER 00000nam a2200000Ii 4500
001 DIGUAZUAY0214
003 NyNyDIG
006 m o d
007 cr |||||||||||
008 251104s2018 ec ae o 000 0 spa d
035 |a (OCoLC)1548425278 
040 |a DGITA  |b eng  |e rda  |e pn  |c DGITA 
020 |a 9789942778314  |q eBook 
020 |z 9789942778307 
050 1 4 |a NA2000 ebook 
245 0 0 |a Taller vertical.  |n 01,  |p Proyectos I Bienal Iberoamericana de Arquitectura Académica ARQA /  |c profesores del Taller Vertical, Rubén Culcay [and 4 others]. 
246 3 0 |a Proyectos I Bienal Iberoamericana de Arquitectura Académica ARQA 
264 1 |a Cuenca, Ecuador :  |b Universidad del Azuay, Casa Editora,  |c [2018] 
300 |a 1 online resource :  |b illustrations, plans. 
336 |a text  |b txt  |2 rdacontent 
337 |a computer  |b c  |2 rdamedia 
338 |a online resource  |b cr  |2 rdacarrier 
347 |a text file  |2 rdaft 
347 |b PDF 
588 0 |a Online resource; title from PDF title page (Digitalia, viewed November 4, 2025) 
650 0 |a Architecture  |x Study and teaching. 
700 1 |a Culcay, Rubén,  |e contributor agent of text. 
791 2 |a Digitalia (Firm),  |e distributor. 
793 0 |g Digitalia eBook Collection:  |a Universidad del Azuay 
776 0 8 |i Print version:  |t Taller vertical. 01. Proyectos I Bienal Iberoamericana de Arquitectura Académica ARQA.  |d Cuenca, Ecuador : Universidad del Azuay, Casa Editora, [2018]  |z 9789942778307 
856 4 0 |3 Digitalia Hispánica  |u https://www.digitaliapublishing.com/a/133599/ 
910 |a Premium collection: 2025